| 000 | 00353nam a22001457a 4500 | ||
|---|---|---|---|
| 020 | _a978-93-894-08141 | ||
| 082 |
_a530 _bJAU/C |
||
| 100 | _aJAUHAR, S.P | ||
| 245 | _aXII MODER'S ABC+ CHEMISTRY | ||
| 260 |
_aNEW DELHI _bMODERN PUBLISHERS _c2023 |
||
| 300 | _a10/48 | ||
| 520 | _aXII CHEMISTRY REFERENCE | ||
| 650 | _aCHEMISTRY REFERENCE | ||
| 942 | _cBK | ||
| 999 |
_c7155 _d7155 |
||